| 000 | 02144nam a22002897a 4500 | ||
|---|---|---|---|
| 001 | 8903 | ||
| 003 | FISKH | ||
| 005 | 20251030125152.0 | ||
| 008 | 251030b cb ||||| |||| 00| 0 eng d | ||
| 020 | _a9789996389283 | ||
| 040 |
_aFISKH _bkhr _cFISKH _dFISKH |
||
| 082 | _a398.2 | ||
| 100 | _aAnonymous | ||
| 245 |
_aកណ្តុរមួយ / _cBy Anonymous |
||
| 260 |
_aPhnom Penh : _bក្រុមហ៊ុន អផ្សុក , _c2015. |
||
| 300 |
_a12 pages : _bcolor illustrations ; _c21 cm . |
||
| 490 | _aនិទានអប់រំសម្រាប់កុមារ | ||
| 505 | _aJ | ||
| 520 | _aចុល្លកសេដ្ឋីជាបណ្ឌិតដែលមានប្រាជ្ញាឈ្លាសវៃ ។ ថ្ងៃមួយគាត់បានធ្វើដំណើរចូលវាំងក៏បានឃើញកណ្តុរមួយក្បាលងាប់នៅតាមផ្លូវ គាត់ក៏បានប្រទះឃើញបុរសក្រីក្រម្នាក់ គាត់មើលឃើញថាបុរសក្រីក្រនោះជាមនុស្សឆ្លាតលោកក៏ប្រាប់អោយមនុស្សក្រីក្រនោះយកកណ្តុរទៅលក់។ គេក៏មានគំនិតល្អភ្លាម ។ ដោយសារតែភាពវៃឆ្លាតរបស់គេ គេក៏បានក្លាយជាអ្នកមាន ។ | ||
| 520 | _aThe wealthy scholar Chullak was a wise and clever man. One day, while traveling into the palace, he saw a dead rat lying along the road. He also came across a poor man. Seeing that the poor man was intelligent, he advised him to take the rat and sell it. The poor man immediately had a good idea. Thanks to his cleverness, he became wealthy. | ||
| 521 | 8 |
_a500
_bLexile estimate |
|
| 521 | 8 |
_aJ
_bRaz-Plus |
|
| 650 |
_aកណ្តុរមួយ _vរឿងនិទានកុមារ |
||
| 650 |
_aA mouse _vChildren's Stories |
||
| 942 |
_2ddc _cKHB _n0 |
||
| 999 |
_c8903 _d8903 |
||